000 00336nam a22001457a 4500
008 210517b ||||| |||| 00| 0 eng d
020 _a0721625975
041 _aeng
080 _a573
082 _a573
100 _a11
101 _aBIO
245 _aContemporary Biology Concepts and Implications
_cMary E. Clark
942 _2udc
_cBK
999 _c57364
_d57364